000 00260nam a2200109Ia 4500
008 220204s9999 xx 000 0 und d
082 _bNAG
100 _aNAGPAL, B D
245 0 _aIllustrated income tax law
260 _aBombay
_bKitab Mahal
_c1958
942 _cBK
999 _c20193
_d20193